1909 1179 1404 1375 1350 1230 1397 1307 1035 1432 1101 1633 1266 1549 1566 1488 1797 1440 1759 1499 1878 1921 1200 1256 1836 1160 1120 1726 1772 1369 1066 1813 1524 1064 1067 1392 1292 1219 1539 1729 1163 1312 1683 1671 1312 1793 1898 1242 1857 1705 1870 1869 1408 1655 1563 1323 1272 1010 1673 1410 1722 1363 1807 1040 1912 1588 1842 1944 1544 1198 1982 1834 1155 1209 1526 1813 1822 1867 1782 1292 1653 1475 1335 1745 1016 1987 1463 1251 1664 1447 1079 1438 1436 1529 1213 1912 1701 1360 1806 BCNSPRNW ULIB Ver.6.0+V

เปลี่ยนเป็นภาษาไทย

Change to English
 แสดงรายละเอียดบรรณานุกรม
  กลับหน้าหลัก

Brief Record : Get Marc (ISO 2709) : E-mail record : QR code < ปิดหน้าต่าง
LEADER : 00000nam 2200000uu 4500
001    13399122549
003     ULIB
008    120321s2551||||th 000 0 tha d
020    ^a9789741674183
090    ^aนว.^bซ116จ
100 0  ^aซ่อนกลิ่น
245 00 ^aเจ้าหญิงทะเลทราย/^cซ่อนกลิ่น
260    ^aกรุงเทพฯ :^bพิมพ์คำ,^c2551
300    ^a342 หน้า
710 1  ^aพิมพ์คำ
945    ^p220^l0^i19997
995    ^aทศพร
999    ^aใช้งานได้ทุกระบบ
รายการนี้ยังไม่มีแท็ก
คุณยังไม่ได้ล็อกอิน คุณสามารถมีกิจกรรมร่วมกับเว็บไซต์ได้ แต่ต้องล็อกอินก่อน ::
  ล็อกอิน

รายการสื่อสารสนเทศ

ลำดับที่ ประเภท เลขเรียก/บาร์โค้ด สถานที่ สถานะ
1. นวนิยาย
นวนิยาย
นว. ซ116จ ฉ.1 
  Barcode: 19997
ห้องสมุดวิทยาเขตสวรรค์ประชารักษ์
►นวนิยาย
บนชั้น
  ขอยืม

รายการใกล้เคียง
    ผู้แต่ง [ซ่อนกลิ่น]

BibComment


ยังไม่เคยถูกคอมเมนท์

คอมเมนท์ทรัพยากรรายการนี้
  คอมเมนท์: เจ้าหญิงทะเลทราย..


 Copyright 2026. Bcnsprnw @Library